[Event "EYCC 2024 - G12"]
[Site "?"]
[Date "2024.08.25"]
[Round "4.1"]
[White "Alcantara, Levanah"]
[Black "Matskevich, Varvara"]
[Result "0-1"]
[BlackElo "1956"]
[WhiteElo "1807"]
[LiveChessVersion "1.4.8"]

1. d4 {[%clk 1:30:51]} Nf6 {[%clk 1:30:47]} 2. Bg5 {[%clk 1:30:44]} d5
{[%clk 1:28:44]} 3. c4 {[%clk 1:29:12]} e6 {[%clk 1:27:45]} 4. Nc3
{[%clk 1:29:13]} Bb4 {[%clk 1:26:20]} 5. cxd5 {[%clk 1:29:03]} exd5
{[%clk 1:22:02]} 6. e3 {[%clk 1:29:08]} c6 {[%clk 1:20:39]} 7. Bd3
{[%clk 1:29:06]} O-O {[%clk 1:19:02]} 8. Nf3 {[%clk 1:27:41]} Be6
{[%clk 1:16:57]} 9. O-O {[%clk 1:27:37]} Bxc3 {[%clk 1:14:32]} 10. bxc3
{[%clk 1:27:48]} Nbd7 {[%clk 1:14:11]} 11. Rb1 {[%clk 1:26:32]} b5
{[%clk 1:04:41]} 12. Ne5 {[%clk 1:24:43]} Qc7 {[%clk 1:03:19]} 13. f4
{[%clk 1:19:30]} Ne4 {[%clk 0:56:44]} 14. Bxe4 {[%clk 1:04:31]} dxe4 15. f5
{[%clk 1:03:46]} Bxa2 {[%clk 0:42:59]} 16. Rb2 {[%clk 1:01:04]} f6
{[%clk 0:41:24]} 17. Rxa2 {[%clk 0:54:08]} fxe5 {[%clk 0:35:43]} 18. dxe5
{[%clk 0:51:01]} Nxe5 {[%clk 0:35:14]} 19. f6 {[%clk 0:49:45]} g6
{[%clk 0:33:50]} 20. Qd4 {[%clk 0:46:35]} Nf7 {[%clk 0:20:51]} 21. Bf4
{[%clk 0:45:07]} Qd8 {[%clk 0:20:27]} 22. Qxe4 {[%clk 0:44:18]} Qxf6
{[%clk 0:20:10]} 23. Qb4 {[%clk 0:36:46]} Rfe8 {[%clk 0:16:16]} 24. Ra6
{[%clk 0:30:40]} Qe6 {[%clk 0:13:51]} 25. Qc5 {[%clk 0:29:59]} Rec8
{[%clk 0:09:09]} 26. Rxa7 {[%clk 0:29:17]} Rxa7 {[%clk 0:09:03]} 27. Qxa7
{[%clk 0:29:41]} Re8 {[%clk 0:08:59]} 28. Re1 {[%clk 0:27:27]} Qc4
{[%clk 0:08:27]} 29. Qa3 {[%clk 0:24:53]} Re4 {[%clk 0:07:55]} 30. Qa5
{[%clk 0:23:32]} Qc5 {[%clk 0:06:52]} 31. Qc7 {[%clk 0:19:25]} Qxc3
{[%clk 0:06:45]} 32. Rd1 {[%clk 0:19:50]} Kg7 {[%clk 0:06:25]} 33. h3
{[%clk 0:19:09]} b4 {[%clk 0:05:15]} 34. Rd7 {[%clk 0:17:48]} Qf6
{[%clk 0:03:57]} 35. Be5 {[%clk 0:14:14]} Rxe5 {[%clk 0:03:35]} 36. Rxf7+
{[%clk 0:14:32]} Qxf7 {[%clk 0:03:55]} 37. Qxe5+ {[%clk 0:14:56]} Qf6
{[%clk 0:04:14]} 38. Qc7+ {[%clk 0:15:19]} Kh6 {[%clk 0:04:07]} 39. Qb8
{[%clk 0:13:24]} c5 {[%clk 0:04:18]} 40. h4 {[%clk 0:12:36]} Qe7 {[%clk 0:04:11]}
41. Qf4+ {[%clk 0:08:43]} Kg7 {[%clk 0:04:32]} 42. Qf2 {[%clk 0:08:23]} Qe5
{[%clk 0:04:51]} 43. Qd2 {[%clk 0:07:06]} b3 {[%clk 0:03:04]} 44. Qd7+
{[%clk 0:07:26]} Kh6 {[%clk 0:02:51]} 45. g4 {[%clk 0:07:18]} Qxe3+
{[%clk 0:01:32]} 46. Kg2 {[%clk 0:06:55]} b2 {[%clk 0:01:14]} 47. Qd1
{[%clk 0:05:15]} Qd4 {[%clk 0:01:10]} 48. Qe2 {[%clk 0:04:56]} Qd5+
{[%clk 0:01:16]} 49. Kh2 {[%clk 0:04:34]} b1=Q {[%clk 0:01:22]} 50. g5+
{[%clk 0:04:48]} Kg7 {[%clk 0:01:48]} 51. Qe7+ {[%clk 0:04:59]} Qf7
{[%clk 0:02:10]} 52. Qe5+ {[%clk 0:05:04]} Kg8 {[%clk 0:02:32]} 53. Qe3
{[%clk 0:05:06]} Qfa2+ {[%clk 0:02:42]} 0-1

[Event "EYCC 2024 - G12"]
[Site "?"]
[Date "2024.08.25"]
[Round "4.2"]
[White "Kaminska, Zuzanna"]
[Black "Bassari, Senem Gul"]
[Result "0-1"]
[BlackElo "1774"]
[WhiteElo "1848"]
[LiveChessVersion "1.4.8"]

1. e4 {[%clk 1:30:57]} c5 {[%clk 1:30:32]} 2. Nf3 {[%clk 1:31:17]} d6
{[%clk 1:30:35]} 3. d4 {[%clk 1:31:36]} cxd4 {[%clk 1:30:47]} 4. Qxd4
{[%clk 1:31:46]} Nc6 {[%clk 1:30:54]} 5. Bb5 {[%clk 1:31:47]} a6 {[%clk 1:30:53]}
6. Bxc6+ {[%clk 1:31:57]} bxc6 {[%clk 1:31:10]} 7. c4 {[%clk 1:31:49]} e5
{[%clk 1:30:51]} 8. Qd3 {[%clk 1:31:49]} Qc7 {[%clk 1:30:51]} 9. Nc3
{[%clk 1:30:58]} Be7 {[%clk 1:30:43]} 10. O-O {[%clk 1:30:21]} Nf6
{[%clk 1:30:45]} 11. h3 {[%clk 1:28:39]} O-O {[%clk 1:30:16]} 12. Be3
{[%clk 1:26:40]} h6 {[%clk 1:29:20]} 13. Rac1 {[%clk 1:24:59]} Be6
{[%clk 1:26:51]} 14. b4 {[%clk 1:15:43]} Rad8 {[%clk 1:09:42]} 15. Qe2
{[%clk 1:09:55]} Qb8 {[%clk 0:57:52]} 16. a3 {[%clk 0:58:20]} Qa8
{[%clk 0:42:35]} 17. Rfd1 {[%clk 0:44:06]} Nd7 {[%clk 0:33:49]} 18. a4
{[%clk 0:33:35]} f5 {[%clk 0:26:26]} 19. exf5 {[%clk 0:30:38]} Rxf5
{[%clk 0:23:31]} 20. b5 {[%clk 0:28:16]} axb5 {[%clk 0:21:26]} 21. axb5
{[%clk 0:27:34]} c5 {[%clk 0:18:12]} 22. Nd2 {[%clk 0:19:33]} Nb6
{[%clk 0:14:09]} 23. Ra1 {[%clk 0:18:56]} Qb7 {[%clk 0:12:37]} 24. Na4
{[%clk 0:17:06]} Nxa4 {[%clk 0:08:51]} 25. Rxa4 {[%clk 0:17:27]} Rf6
{[%clk 0:07:17]} 26. Kh2 {[%clk 0:13:26]} Rg6 {[%clk 0:05:31]} 27. Qf3
{[%clk 0:12:16]} d5 {[%clk 0:02:20]} 28. Rda1 {[%clk 0:10:14]} e4
{[%clk 0:01:38]} 29. Qh5 {[%clk 0:07:29]} Bf7 {[%clk 0:01:42]} 30. Qe2
{[%clk 0:06:10]} Bd6+ {[%clk 0:01:20]} 31. Kh1 {[%clk 0:05:05]} d4
{[%clk 0:00:57]} 32. Ra7 {[%clk 0:04:45]} Qb8 {[%clk 0:00:44]} 33. Ra8
{[%clk 0:03:49]} Qxa8 {[%clk 0:00:41]} 34. Rxa8 Rxa8 {[%clk 0:01:08]} 35. g3
{[%clk 0:02:50]} Ra1+ {[%clk 0:01:11]} 36. Nf1 {[%clk 0:01:55]} dxe3
{[%clk 0:01:13]} 37. Kg2 {[%clk 0:01:40]} exf2 {[%clk 0:00:54]} 38. Qb2
{[%clk 0:00:57]} Ra8 {[%clk 0:00:45]} 39. g4 {[%clk 0:00:43]} Rf6
{[%clk 0:00:50]} 40. Ne3 {[%clk 0:00:39]} Bxc4 {[%clk 0:00:57]} 41. Nf1
{[%clk 0:00:44]} Bxf1+ {[%clk 0:01:15]} 42. Kxf1 {[%clk 0:01:05]} e3
{[%clk 0:01:33]} 43. b6 {[%clk 0:01:00]} Rb8 {[%clk 0:01:53]} 44. Qb3+
{[%clk 0:01:09]} Kh8 {[%clk 0:01:50]} 45. Qxe3 {[%clk 0:01:32]} Rxb6
{[%clk 0:01:40]} 46. Qe8+ {[%clk 0:01:41]} Rf8 {[%clk 0:02:00]} 47. Qe4
{[%clk 0:01:56]} Rb4 {[%clk 0:02:24]} 48. Qd3 {[%clk 0:02:14]} c4
{[%clk 0:02:37]} 49. Qc2 {[%clk 0:01:39]} c3 {[%clk 0:02:58]} 50. g5
{[%clk 0:01:49]} Rb2 {[%clk 0:02:02]} 51. Qg6 {[%clk 0:02:01]} c2
{[%clk 0:01:48]} 0-1

[Event "EYCC 2024 - G12"]
[Site "?"]
[Date "2024.08.25"]
[Round "4.3"]
[White "Lampou, Marianta"]
[Black "Sunea, Sara Maria"]
[Result "1-0"]
[BlackElo "1871"]
[WhiteElo "1777"]
[LiveChessVersion "1.4.8"]

1. e4 {[%clk 1:30:54]} c5 {[%clk 1:30:49]} 2. Nf3 {[%clk 1:31:18]} Nc6
{[%clk 1:31:15]} 3. d4 {[%clk 1:31:42]} cxd4 {[%clk 1:31:40]} 4. Nxd4
{[%clk 1:32:07]} Nf6 {[%clk 1:32:05]} 5. Nc3 {[%clk 1:32:27]} e5 {[%clk 1:32:31]}
6. Ndb5 {[%clk 1:32:49]} d6 {[%clk 1:32:58]} 7. Bg5 {[%clk 1:33:11]} a6
{[%clk 1:33:21]} 8. Na3 {[%clk 1:33:35]} b5 {[%clk 1:33:48]} 9. Nd5
{[%clk 1:33:59]} Be7 {[%clk 1:34:14]} 10. Bxf6 {[%clk 1:34:19]} Bxf6
{[%clk 1:34:40]} 11. c4 {[%clk 1:34:36]} b4 {[%clk 1:35:00]} 12. Nc2
{[%clk 1:35:00]} a5 {[%clk 1:33:22]} 13. g3 {[%clk 1:28:02]} O-O {[%clk 1:28:25]}
14. Bg2 {[%clk 1:28:09]} Bg5 {[%clk 1:26:03]} 15. O-O {[%clk 1:26:14]} Ne7
{[%clk 1:23:53]} 16. f4 {[%clk 1:09:55]} Nxd5 {[%clk 1:16:42]} 17. Qxd5
{[%clk 1:09:10]} Be6 {[%clk 1:16:03]} 18. Qd3 {[%clk 1:09:02]} Bf6
{[%clk 1:08:19]} 19. f5 {[%clk 1:08:02]} Bc8 {[%clk 1:08:09]} 20. Ne3
{[%clk 1:03:44]} Bb7 {[%clk 1:01:09]} 21. Rad1 {[%clk 0:48:59]} Bg5
{[%clk 1:00:17]} 22. h4 {[%clk 0:45:12]} Bxe3+ {[%clk 0:57:03]} 23. Qxe3
{[%clk 0:45:18]} Rc8 {[%clk 0:54:00]} 24. b3 {[%clk 0:43:23]} Qc7
{[%clk 0:49:23]} 25. Qd2 {[%clk 0:38:56]} Rcd8 {[%clk 0:42:32]} 26. f6
{[%clk 0:37:31]} h6 {[%clk 0:34:48]} 27. Rf5 {[%clk 0:28:18]} Rfe8
{[%clk 0:27:37]} 28. Rg5 {[%clk 0:25:13]} Qc5+ {[%clk 0:21:17]} 29. Kh2
{[%clk 0:23:38]} g6 {[%clk 0:14:34]} 30. Rh5 {[%clk 0:22:55]} g5 {[%clk 0:12:51]}
31. Rxh6 {[%clk 0:22:09]} 1-0

[Event "EYCC 2024 - G12"]
[Site "?"]
[Date "2024.08.25"]
[Round "4.4"]
[White "Svitenko, Solomiia"]
[Black "Hangyal, Anna"]
[Result "0-1"]
[BlackElo "1853"]
[WhiteElo "1686"]
[LiveChessVersion "1.4.8"]

1. Nf3 {[%clk 1:30:55]} d5 {[%clk 1:30:45]} 2. b3 {[%clk 1:31:16]} Nf6
{[%clk 1:31:01]} 3. Bb2 {[%clk 1:31:24]} Bf5 {[%clk 1:31:20]} 4. e3
{[%clk 1:31:11]} e6 {[%clk 1:31:23]} 5. Be2 {[%clk 1:31:21]} Nbd7
{[%clk 1:30:12]} 6. Nh4 {[%clk 1:29:47]} Bg6 {[%clk 1:24:52]} 7. d4
{[%clk 1:27:53]} Bd6 {[%clk 1:24:50]} 8. Nd2 {[%clk 1:26:47]} Bf5
{[%clk 1:01:05]} 9. Nxf5 {[%clk 1:26:25]} exf5 {[%clk 1:01:33]} 10. O-O
{[%clk 1:21:58]} O-O {[%clk 1:00:56]} 11. c4 {[%clk 1:19:57]} c6 {[%clk 1:01:18]}
12. h3 {[%clk 1:17:48]} Ne4 {[%clk 1:00:11]} 13. cxd5 {[%clk 1:10:47]} cxd5
{[%clk 1:00:31]} 14. Nf3 {[%clk 1:08:48]} Re8 {[%clk 0:55:45]} 15. Qd3
{[%clk 0:57:13]} a6 {[%clk 0:52:22]} 16. Rac1 {[%clk 0:54:48]} Qf6
{[%clk 0:49:00]} 17. Rc2 {[%clk 0:50:27]} Ng5 {[%clk 0:36:01]} 18. Nxg5
{[%clk 0:39:38]} Qxg5 {[%clk 0:36:21]} 19. Bf3 {[%clk 0:39:34]} Nf6
{[%clk 0:36:36]} 20. g3 {[%clk 0:36:54]} Ne4 {[%clk 0:32:59]} 21. Bg2
{[%clk 0:34:41]} Rac8 {[%clk 0:22:56]} 22. Rfc1 {[%clk 0:31:52]} Rxc2
{[%clk 0:23:18]} 23. Rxc2 {[%clk 0:30:29]} h6 {[%clk 0:23:09]} 24. h4
{[%clk 0:26:41]} Qg6 {[%clk 0:22:14]} 25. Qe2 {[%clk 0:23:34]} h5
{[%clk 0:16:51]} 26. Qf3 {[%clk 0:22:30]} f4 {[%clk 0:16:11]} 27. gxf4
{[%clk 0:18:45]} Ng5 {[%clk 0:13:30]} 28. Qd1 {[%clk 0:17:20]} Nf3+
{[%clk 0:11:39]} 29. Kf1 {[%clk 0:15:46]} Nxh4 {[%clk 0:11:08]} 30. Bxd5
{[%clk 0:14:38]} Qf5 {[%clk 0:11:14]} 31. Bg2 {[%clk 0:14:30]} Nxg2
{[%clk 0:10:31]} 32. Kxg2 {[%clk 0:14:51]} Qe4+ {[%clk 0:10:43]} 33. Kf1
{[%clk 0:11:22]} Bxf4 {[%clk 0:09:13]} 34. Rc5 {[%clk 0:10:01]} Qh1+
{[%clk 0:08:10]} 35. Ke2 {[%clk 0:10:05]} Qg2 {[%clk 0:07:59]} 36. Bc1
{[%clk 0:08:51]} h4 {[%clk 0:06:34]} 37. Kd3 Qe4+ {[%clk 0:06:10]} 38. Kc3
{[%clk 0:04:24]} Bd6 {[%clk 0:05:50]} 39. Rh5 {[%clk 0:03:59]} Qb1
{[%clk 0:04:05]} 40. Rc5 {[%clk 0:00:35]} Bxc5 {[%clk 0:03:54]} 41. dxc5
{[%clk 0:00:58]} Qa1+ {[%clk 0:04:07]} 42. Kb4 Qxa2 {[%clk 0:04:06]} 43. Qd7
{[%clk 0:00:48]} Re4+ {[%clk 0:03:18]} 44. Kc3 {[%clk 0:01:12]} Qa1+
{[%clk 0:03:13]} 45. Kc2 {[%clk 0:01:26]} Qe5 {[%clk 0:01:42]} 0-1

[Event "EYCC 2024 - G12"]
[Site "?"]
[Date "2024.08.25"]
[Round "4.5"]
[White "Jordan, Christina"]
[Black "Levchenko, Alisa"]
[Result "1-0"]
[BlackElo "1637"]
[WhiteElo "1811"]
[LiveChessVersion "1.4.8"]

1. e4 {[%clk 1:30:56]} c6 {[%clk 1:30:52]} 2. Nc3 {[%clk 1:31:14]} d5
{[%clk 1:31:13]} 3. Nf3 {[%clk 1:31:31]} g6 {[%clk 1:31:25]} 4. d4
{[%clk 1:26:36]} Bg4 {[%clk 1:30:45]} 5. Be3 {[%clk 1:24:45]} Bg7
{[%clk 1:30:08]} 6. exd5 {[%clk 1:15:16]} cxd5 {[%clk 1:30:04]} 7. h3
{[%clk 1:13:51]} Bxf3 {[%clk 1:29:52]} 8. Qxf3 {[%clk 1:14:16]} e6
{[%clk 1:29:35]} 9. Bb5+ {[%clk 1:09:50]} Nc6 {[%clk 1:29:38]} 10. O-O
{[%clk 1:08:22]} Nge7 {[%clk 1:24:21]} 11. Rad1 {[%clk 1:03:31]} Nf5
{[%clk 1:19:13]} 12. Ne2 {[%clk 0:56:52]} O-O {[%clk 1:16:16]} 13. c3
{[%clk 0:53:37]} Nd6 {[%clk 1:09:29]} 14. Bd3 {[%clk 0:48:32]} b5
{[%clk 1:06:04]} 15. Bf4 {[%clk 0:43:23]} Rb8 {[%clk 0:57:30]} 16. Qg3
{[%clk 0:37:38]} Nc4 {[%clk 0:43:59]} 17. Bxb8 {[%clk 0:35:16]} Qxb8
{[%clk 0:44:24]} 18. Qxb8 {[%clk 0:35:06]} Rxb8 {[%clk 0:44:48]} 19. b3
{[%clk 0:33:52]} Na3 {[%clk 0:43:40]} 20. b4 {[%clk 0:25:40]} a6 {[%clk 0:39:19]}
21. Rd2 {[%clk 0:24:25]} Rc8 {[%clk 0:30:49]} 22. Rb2 {[%clk 0:22:54]} e5
{[%clk 0:30:23]} 23. dxe5 {[%clk 0:21:30]} Nxe5 {[%clk 0:29:51]} 24. Rd1
{[%clk 0:20:32]} f5 {[%clk 0:22:48]} 25. Rb3 {[%clk 0:18:57]} Nac4
{[%clk 0:23:03]} 26. Bxc4 {[%clk 0:19:16]} dxc4 {[%clk 0:23:11]} 27. Ra3
{[%clk 0:18:49]} Nd3 {[%clk 0:21:18]} 28. Rxa6 {[%clk 0:18:30]} Rb8
{[%clk 0:21:21]} 29. Ra3 {[%clk 0:16:00]} Re8 {[%clk 0:19:30]} 30. Kf1
{[%clk 0:14:34]} Kf7 {[%clk 0:15:30]} 31. Ra7+ {[%clk 0:11:44]} Re7
{[%clk 0:14:28]} 32. Rxe7+ {[%clk 0:09:58]} Kxe7 {[%clk 0:14:54]} 33. Nc1
{[%clk 0:08:29]} Nb2 {[%clk 0:09:33]} 34. Rd5 {[%clk 0:08:49]} Bxc3
{[%clk 0:09:09]} 35. Rxb5 {[%clk 0:09:12]} Bd2 {[%clk 0:06:28]} 36. Ne2
{[%clk 0:08:18]} Nd3 {[%clk 0:06:31]} 37. a4 {[%clk 0:07:04]} Bxb4
{[%clk 0:06:11]} 38. a5 {[%clk 0:07:12]} Bc5 {[%clk 0:05:19]} 39. a6
{[%clk 0:06:20]} Kd6 {[%clk 0:05:34]} 40. Rxc5 {[%clk 0:05:24]} Nxc5
{[%clk 0:04:34]} 41. a7 {[%clk 0:05:48]} c3 {[%clk 0:04:59]} 42. a8=Q
{[%clk 0:05:56]} c2 {[%clk 0:05:26]} 43. Qd8+ {[%clk 0:06:00]} Nd7
{[%clk 0:05:43]} 44. Qg5 {[%clk 0:06:07]} Ne5 {[%clk 0:05:49]} 45. Qd2+
{[%clk 0:06:27]} Ke6 {[%clk 0:05:24]} 46. Qxc2 {[%clk 0:06:43]} g5
{[%clk 0:05:45]} 47. Nd4+ {[%clk 0:06:52]} Kd5 {[%clk 0:05:37]} 48. Nxf5
{[%clk 0:07:12]} g4 {[%clk 0:05:48]} 49. Ne3+ {[%clk 0:07:28]} Kd6
{[%clk 0:05:45]} 50. Nxg4 {[%clk 0:07:34]} Nxg4 {[%clk 0:05:43]} 51. hxg4
{[%clk 0:07:59]} h6 {[%clk 0:06:09]} 52. Qf5 {[%clk 0:08:22]} Ke7
{[%clk 0:06:11]} 53. Qh7+ {[%clk 0:08:28]} Kf6 {[%clk 0:06:23]} 54. Qxh6+
{[%clk 0:08:54]} Ke5 {[%clk 0:06:46]} 55. g5 {[%clk 0:09:12]} Kd5
{[%clk 0:06:55]} 56. g6 {[%clk 0:09:35]} Ke5 {[%clk 0:07:19]} 57. g7
{[%clk 0:10:01]} Kd5 {[%clk 0:07:42]} 58. g8=Q+ {[%clk 0:10:25]} Kc5
{[%clk 0:07:58]} 59. Qd8 {[%clk 0:10:44]} Kc4 {[%clk 0:08:14]} 60. Qc6+
{[%clk 0:11:03]} Kb4 {[%clk 0:08:06]} 61. Qb8+ {[%clk 0:11:26]} 1-0

[Event "EYCC 2024 - G12"]
[Site "?"]
[Date "2024.08.25"]
[Round "4.6"]
[White "Pehlivanova, Aleksandra"]
[Black "Lickova, Anna"]
[Result "1-0"]
[BlackElo "1621"]
[WhiteElo "1793"]
[LiveChessVersion "1.4.8"]

1. d4 {[%clk 1:30:57]} d5 {[%clk 1:30:50]} 2. Bf4 {[%clk 1:31:22]} c5
{[%clk 1:31:12]} 3. e3 {[%clk 1:31:28]} Nf6 {[%clk 1:30:29]} 4. c3
{[%clk 1:31:25]} cxd4 {[%clk 1:25:50]} 5. exd4 {[%clk 1:31:22]} Bf5
{[%clk 1:25:32]} 6. Nf3 {[%clk 1:27:56]} Nc6 {[%clk 1:22:00]} 7. Nbd2
{[%clk 1:27:16]} e6 {[%clk 1:22:04]} 8. Ne5 {[%clk 1:21:44]} Bd6 {[%clk 1:03:19]}
9. Ndf3 {[%clk 1:17:21]} O-O {[%clk 1:01:44]} 10. Be2 {[%clk 1:16:56]} Ne4
{[%clk 0:56:24]} 11. O-O {[%clk 1:12:07]} f6 {[%clk 0:54:16]} 12. Nxc6
{[%clk 1:07:38]} bxc6 {[%clk 0:54:32]} 13. Bxd6 {[%clk 1:07:23]} Qxd6
{[%clk 0:54:28]} 14. Nh4 {[%clk 1:02:58]} Bg6 {[%clk 0:47:38]} 15. Nxg6
{[%clk 1:00:19]} hxg6 {[%clk 0:48:02]} 16. Bd3 {[%clk 0:59:23]} f5
{[%clk 0:41:31]} 17. Qe2 {[%clk 0:56:58]} Rae8 {[%clk 0:37:27]} 18. Rfe1
{[%clk 0:56:12]} c5 {[%clk 0:33:19]} 19. Bxe4 {[%clk 0:50:50]} fxe4
{[%clk 0:26:58]} 20. dxc5 Qxc5 {[%clk 0:27:08]} 21. Qe3 {[%clk 0:46:48]} Qc7
{[%clk 0:25:13]} 22. Rad1 {[%clk 0:45:44]} Rb8 {[%clk 0:25:16]} 23. Rd2
{[%clk 0:43:29]} Qa5 {[%clk 0:24:04]} 24. b3 {[%clk 0:34:42]} Qc7
{[%clk 0:23:16]} 25. Rc1 {[%clk 0:32:12]} a6 {[%clk 0:17:24]} 26. c4
{[%clk 0:26:47]} Rfc8 {[%clk 0:10:37]} 27. Rdd1 {[%clk 0:25:26]} Qa5
{[%clk 0:09:26]} 28. Qh3 {[%clk 0:18:45]} Rb6 {[%clk 0:04:26]} 29. cxd5
{[%clk 0:16:26]} Rxc1 {[%clk 0:01:50]} 30. Rxc1 {[%clk 0:16:47]} Qxd5
{[%clk 0:01:18]} 31. Qg4 {[%clk 0:12:21]} Rd6 {[%clk 0:00:50]} 32. h3
{[%clk 0:12:07]} Qd2 {[%clk 0:00:41]} 33. Rc8+ {[%clk 0:11:00]} Kf7
{[%clk 0:00:38]} 34. Qxe4 {[%clk 0:08:54]} Qd1+ {[%clk 0:00:35]} 35. Kh2
{[%clk 0:09:12]} Qd2 {[%clk 0:00:54]} 36. Qf3+ {[%clk 0:09:25]} Ke7
{[%clk 0:01:16]} 37. Qf8+ {[%clk 0:09:50]} Kd7 {[%clk 0:01:26]} 38. Qe8#
{[%clk 0:10:12]} 1-0

[Event "EYCC 2024 - G12"]
[Site "?"]
[Date "2024.08.25"]
[Round "4.7"]
[White "Lackova, Lucie"]
[Black "Illes-Nagy, Nora"]
[Result "1-0"]
[BlackElo "1792"]
[WhiteElo "1605"]
[LiveChessVersion "1.4.8"]

1. e4 {[%clk 1:30:59]} c5 {[%clk 1:30:55]} 2. Nf3 {[%clk 1:31:24]} e6
{[%clk 1:31:20]} 3. d4 {[%clk 1:31:50]} cxd4 {[%clk 1:31:42]} 4. Nxd4
{[%clk 1:32:13]} Nc6 {[%clk 1:31:55]} 5. Nc3 {[%clk 1:32:29]} Qc7
{[%clk 1:32:16]} 6. f4 {[%clk 1:32:53]} Nxd4 {[%clk 1:31:24]} 7. Qxd4
{[%clk 1:33:13]} a6 {[%clk 1:31:12]} 8. Be2 {[%clk 1:32:23]} b5 {[%clk 1:26:17]}
9. a3 {[%clk 1:31:41]} Bb7 {[%clk 1:25:57]} 10. Be3 {[%clk 1:27:18]} Nf6
{[%clk 1:13:42]} 11. O-O {[%clk 1:23:05]} Be7 {[%clk 1:10:37]} 12. Bf3
{[%clk 1:19:13]} d6 {[%clk 1:07:53]} 13. Rad1 {[%clk 1:04:39]} Rd8
{[%clk 0:59:09]} 14. Qd2 {[%clk 0:56:52]} d5 {[%clk 0:54:24]} 15. e5
{[%clk 0:47:13]} Nd7 {[%clk 0:51:16]} 16. Kh1 {[%clk 0:45:11]} Nb6
{[%clk 0:47:34]} 17. Bxb6 {[%clk 0:43:12]} Qxb6 {[%clk 0:47:53]} 18. Bg4
{[%clk 0:39:15]} g6 {[%clk 0:39:16]} 19. Ne2 {[%clk 0:36:00]} Rc8
{[%clk 0:32:08]} 20. c3 {[%clk 0:35:38]} O-O {[%clk 0:28:35]} 21. Nd4
{[%clk 0:34:47]} Kh8 {[%clk 0:21:40]} 22. Be2 {[%clk 0:33:32]} Bc5
{[%clk 0:18:45]} 23. Rf3 {[%clk 0:33:12]} Rg8 {[%clk 0:17:39]} 24. h4
{[%clk 0:32:39]} Bxd4 {[%clk 0:16:10]} 25. cxd4 {[%clk 0:32:59]} Rg7
{[%clk 0:15:17]} 26. Rh3 {[%clk 0:32:01]} Qd8 {[%clk 0:13:02]} 27. h5
{[%clk 0:30:59]} Qe7 {[%clk 0:10:49]} 28. Bd3 {[%clk 0:30:50]} Qc7
{[%clk 0:08:21]} 29. Qe2 {[%clk 0:29:03]} Qe7 {[%clk 0:07:13]} 30. Rf1
{[%clk 0:28:54]} Rd8 {[%clk 0:06:16]} 31. Qg4 {[%clk 0:28:18]} Qe8
{[%clk 0:05:06]} 32. Qh4 {[%clk 0:27:51]} Rc8 {[%clk 0:04:06]} 33. h6
{[%clk 0:27:58]} 1-0

[Event "EYCC 2024 - G12"]
[Site "?"]
[Date "2024.08.25"]
[Round "4.8"]
[White "Gruszecka, Alicja"]
[Black "Mataczyna, Aleksandra"]
[Result "1/2-1/2"]
[BlackElo "1720"]
[WhiteElo "1781"]
[LiveChessVersion "1.4.8"]

1. e4 {[%clk 1:30:59]} e5 {[%clk 1:30:53]} 2. f4 {[%clk 1:31:21]} Bc5
{[%clk 1:30:47]} 3. Nf3 {[%clk 1:31:33]} d6 {[%clk 1:30:27]} 4. c3
{[%clk 1:31:40]} Bg4 {[%clk 1:24:02]} 5. d4 {[%clk 1:22:54]} Bxf3
{[%clk 1:16:38]} 6. gxf3 {[%clk 1:21:23]} Qh4+ {[%clk 1:11:23]} 7. Ke2
{[%clk 1:20:14]} Bb6 {[%clk 1:10:07]} 8. f5 {[%clk 1:11:57]} exd4
{[%clk 0:57:45]} 9. cxd4 {[%clk 1:12:01]} Nc6 {[%clk 0:57:58]} 10. Be3
{[%clk 1:06:50]} Qf6 {[%clk 0:47:35]} 11. Nc3 {[%clk 1:01:37]} Nxd4+
{[%clk 0:42:58]} 12. Ke1 {[%clk 0:59:11]} Ne7 {[%clk 0:36:28]} 13. h4
{[%clk 0:49:08]} Nc2+ {[%clk 0:30:52]} 14. Qxc2 {[%clk 0:48:08]} Bxe3
{[%clk 0:31:17]} 15. Bc4 {[%clk 0:36:58]} O-O {[%clk 0:30:18]} 16. Nd5
{[%clk 0:35:10]} Nxd5 {[%clk 0:30:35]} 17. Bxd5 {[%clk 0:35:28]} c6
{[%clk 0:30:37]} 18. Bc4 {[%clk 0:34:50]} d5 {[%clk 0:29:18]} 19. Bd3
{[%clk 0:29:33]} dxe4 {[%clk 0:25:11]} 20. fxe4 {[%clk 0:28:29]} Rad8
{[%clk 0:23:55]} 21. Ke2 {[%clk 0:26:34]} Bd4 {[%clk 0:22:50]} 22. Kf3
{[%clk 0:24:01]} Qh6 {[%clk 0:20:56]} 23. Kg2 {[%clk 0:20:07]} Qf4
{[%clk 0:19:54]} 24. Qe2 {[%clk 0:19:18]} Bxb2 {[%clk 0:16:39]} 25. Rab1
{[%clk 0:16:27]} Be5 {[%clk 0:15:59]} 26. Rh3 {[%clk 0:16:33]} c5
{[%clk 0:15:36]} 27. Rf1 {[%clk 0:15:28]} Qh6 {[%clk 0:15:57]} 28. Kh1
{[%clk 0:10:56]} Rd4 {[%clk 0:14:08]} 29. Bc4 {[%clk 0:09:12]} Qd6
{[%clk 0:09:29]} 30. Bd5 {[%clk 0:07:56]} Rd8 {[%clk 0:05:03]} 31. Rb1
{[%clk 0:06:30]} b6 {[%clk 0:04:37]} 32. Rg1 {[%clk 0:05:30]} Bf6
{[%clk 0:02:25]} 33. Qh5 {[%clk 0:04:04]} Qe7 {[%clk 0:01:23]} 34. Qf3
{[%clk 0:03:23]} c4 {[%clk 0:01:20]} 35. h5 {[%clk 0:02:21]} Rd3 {[%clk 0:00:59]}
36. Qg4 {[%clk 0:02:31]} Rxh3+ {[%clk 0:01:15]} 37. Qxh3 {[%clk 0:02:54]} Kh8
{[%clk 0:00:37]} 38. Qg4 {[%clk 0:01:37]} h6 {[%clk 0:00:45]} 39. Bxc4
{[%clk 0:01:31]} Rd4 {[%clk 0:00:34]} 40. Bd5 {[%clk 0:01:46]} Rd2
{[%clk 0:00:40]} 41. Rg2 {[%clk 0:01:45]} Rxg2 {[%clk 0:00:38]} 42. Qxg2
{[%clk 0:02:04]} Qc7 {[%clk 0:00:42]} 43. Qh2 {[%clk 0:01:05]} Be5
{[%clk 0:00:50]} 44. Qd2 {[%clk 0:01:15]} Bf4 {[%clk 0:00:46]} 45. Qb2
{[%clk 0:01:07]} Be5 {[%clk 0:00:43]} 46. Qd2 {[%clk 0:01:32]} Bf4
{[%clk 0:00:41]} 47. Qb2 {[%clk 0:02:00]} Qe7 {[%clk 0:00:46]} 48. Qf2
{[%clk 0:01:53]} Qg5 {[%clk 0:00:52]} 49. Bxf7 {[%clk 0:01:55]} Be3
{[%clk 0:00:47]} 50. Qh2 {[%clk 0:01:32]} Bf4 {[%clk 0:01:10]} 51. Qf2
{[%clk 0:01:31]} 1/2-1/2